[Event "BRA-ch sf Reg2 83rd"]
[Site "Natal"]
[Date "2016.11.13"]
[Round "3"]
[White "De Lima, Enzo Magalhaes"]
[Black "Pinto, Carlos Henrique Lop"]
[Result "0-1"]
[WhiteElo "1271"]
[BlackElo "2097"]
[PlyCount "80"]
[EventDate "2016.11.12"]
[EventType "swiss"]
[EventRounds "7"]
[EventCountry "BRA"]
[SourceTitle "EXT 2018"]
[Source "ChessBase"]
[SourceDate "2017.10.13"]
[SourceVersion "1"]
[SourceVersionDate "2017.10.13"]
[SourceQuality "1"]

1. d4 Nf6 2. c4 g6 3. Nc3 Bg7 4. e4 d6 5. Nf3 0-0 6. Be2 Na6 7. h3 c5 8. d5 Nc7 9. 0-0 a6 10. Bg5 b5 11. Re1 b4 12. Bxf6 Bxf6 13. Na4 Rb8 14. Qc2 Bd7 15. Rab1 Qe8 16. b3 Bxa4 17. bxa4 a5 18. Qb3 Na8 19. a3 bxa3 20. Qxa3 Rb4 21. Rxb4 axb4 22. Qb3 Nb6 23. Bd1 Bc3 24. Re2 Qa8 25. Ra2 Qa6 26. Be2 Nd7 27. a5 Rb8 28. Bd3 Nf6 29. Nh2 e6 30. Nf1 exd5 31. exd5 Nxd5 32. cxd5 Qxd3 33. a6 c4 34. Qc2 Qxc2 35. Rxc2 Ra8 36. Ne3 b3 37. Re2 b2 38. Rxb2 Bxb2 39. Nxc4 Be5 40. Kf1 Rxa6 0-1

[Event "BRA-ch sf Reg2 83rd"]
[Site "Natal"]
[Date "2016.11.13"]
[Round "4"]
[White "Pinto, Carlos Henrique Lop"]
[Black "Bouwman, Marcelo Wanderley"]
[Result "1-0"]
[WhiteElo "2097"]
[BlackElo "2209"]
[PlyCount "49"]
[EventDate "2016.11.12"]
[EventType "swiss"]
[EventRounds "7"]
[EventCountry "BRA"]
[SourceTitle "EXT 2018"]
[Source "ChessBase"]
[SourceDate "2017.10.13"]
[SourceVersion "1"]
[SourceVersionDate "2017.10.13"]
[SourceQuality "1"]

1. d4 e6 2. Nf3 f5 3. Nbd2 Nf6 4. e3 b6 5. Bd3 Bb7 6. c3 Be7 7. Qc2 c5 8. 0-0 0-0 9. Re1 d5 10. b3 Bd6 11. dxc5 Bxc5 12. c4 Nc6 13. a3 a5 14. cxd5 Nxd5 15. Qb1 Be7 16. Bb2 Bf6 17. Bc4 Kh8 18. e4 Nc3 19. Qc2 fxe4 20. Bxc3 exf3 21. Nxf3 Rc8 22. Rad1 Qe7 23. Rxe6 Qxa3 24. Bxf6 Rxf6 25. Ng5 1-0

[Event "BRA-ch sf Reg2 83rd"]
[Site "Natal"]
[Date "2016.11.12"]
[Round "2"]
[White "Pinto, Carlos Henrique Lop"]
[Black "Brito, Luismar Jorge"]
[Result "0-1"]
[WhiteElo "2097"]
[BlackElo "2242"]
[PlyCount "130"]
[EventDate "2016.11.12"]
[EventType "swiss"]
[EventRounds "7"]
[EventCountry "BRA"]
[SourceTitle "EXT 2018"]
[Source "ChessBase"]
[SourceDate "2017.10.13"]
[SourceVersion "1"]
[SourceVersionDate "2017.10.13"]
[SourceQuality "1"]

1. d4 Nf6 2. c4 e6 3. g3 c5 4. Nf3 d5 5. Bg2 cxd4 6. Nxd4 Bc5 7. Nb3 Bb6 8. cxd5 exd5 9. 0-0 h6 10. Nc3 Be6 11. Nd4 Nc6 12. Ncb5 0-0 13. Bf4 a6 14. Nxc6 bxc6 15. Nd4 Qd7 16. Rc1 Rfc8 17. Qd3 Bh3 18. Rfd1 Bxg2 19. Kxg2 Ne4 20. f3 Nc5 21. Qf5 Ne6 22. Be3 Rab8 23. b3 Bd8 24. Qd3 Bf6 25. Rc2 Bxd4 26. Bxd4 Qb7 27. Rdc1 a5 28. e3 Ra8 29. a3 Rab8 30. Rc3 Qe7 31. Bc5 Qd7 32. Bd4 Ng5 33. g4 Qd6 34. Rc5 a4 35. b4 Ne6 36. Ra5 Ra8 37. Rxa8 Rxa8 38. Qc3 Rc8 39. Be5 Qd7 40. Qc2 c5 41. Qc3 f6 42. Bd4 c4 43. Rd1 Re8 44. Rd2 Kf7 45. h4 Qc6 46. h5 Ng5 47. Qc2 Kg8 48. Qg6 Re6 49. Qf5 Rd6 50. Bc5 Rd8 51. e4 c3 52. Rxd5 Re8 53. Qd7 Qa8 54. Rd3 Nxe4 55. Be3 c2 56. Bc1 Ng5 57. Rc3 Nf7 58. Rc7 Rf8 59. Qc6 Qd8 60. Qxc2 Re8 61. Qc4 Rf8 62. b5 Qd6 63. Bf4 Qxa3 64. Ra7 Qb2+ 65. Kh3 Qf2 0-1

[Event "Joao Pessoa Fischer Memorial 7th"]
[Site "Joao Pessoa"]
[Date "2016.03.13"]
[Round "5"]
[White "Pinto, Carlos Henrique Lop"]
[Black "Araujo, Henrique Jose Morai"]
[Result "1-0"]
[WhiteElo "2072"]
[BlackElo "2172"]
[PlyCount "51"]
[EventDate "2016.03.11"]
[EventType "swiss"]
[EventRounds "6"]
[EventCountry "BRA"]
[SourceTitle "CBM 171 Extra"]
[Source "ChessBase"]
[SourceDate "2016.04.26"]
[SourceVersion "1"]
[SourceVersionDate "2016.04.26"]
[SourceQuality "1"]

1. d4 d5 2. c4 c6 3. Nc3 Nf6 4. cxd5 cxd5 5. Bf4 e6 6. e3 a6 7. Bd3 Bd6 8. Bxd6 Qxd6 9. f4 Nc6 10. Nf3 0-0 11. 0-0 b5 12. Ne5 Bb7 13. Rf3 Nb4 14. Bb1 Ne4 15. a3 Nxc3 16. Bxh7+ Kh8 17. bxc3 g6 18. Bxg6 fxg6 19. cxb4 Rf6 20. Rg3 Rg8 21. Qg4 Bc6 22. Rh3+ Kg7 23. Qh4 Rff8 24. Qh7+ Kf6 25. Ng4+ Kf5 26. Nh6+ 1-0

[Event "Joao Pessoa Fischer Memorial 7th"]
[Site "Joao Pessoa"]
[Date "2016.03.11"]
[Round "1"]
[White "Sallaberry, Ana Paula Nogueira"]
[Black "Pinto, Carlos Henrique Lop"]
[Result "0-1"]
[WhiteElo "1573"]
[BlackElo "2072"]
[PlyCount "86"]
[EventDate "2016.03.11"]
[EventType "swiss"]
[EventRounds "6"]
[EventCountry "BRA"]
[SourceTitle "CBM 171 Extra"]
[Source "ChessBase"]
[SourceDate "2016.04.26"]
[SourceVersion "1"]
[SourceVersionDate "2016.04.26"]
[SourceQuality "1"]

1. e4 Nf6 2. e5 Nd5 3. d4 d6 4. f4 Bf5 5. Bc4 Nb6 6. Bd3 Bxd3 7. Qxd3 dxe5 8. dxe5 Qxd3 9. cxd3 Nc6 10. Nf3 Nb4 11. Kd2 0-0-0 12. d4 e6 13. a3 Nc6 14. Ke3 Nd5+ 15. Kd3 Nde7 16. b4 Nf5 17. Bb2 Be7 18. g3 Rd7 19. Rd1 Ncxd4 20. Nxd4 Nxd4 21. Bxd4 Rxd4+ 22. Ke2 Rxd1 23. Kxd1 g5 24. Ke2 gxf4 25. gxf4 Rg8 26. Nd2 Rg2+ 27. Ke3 h5 28. Nf3 a5 29. b5 Bc5+ 30. Ke4 Re2+ 31. Kd3 Re3+ 32. Kc4 Rxf3 33. Kxc5 Rxf4 34. b6 Re4 35. bxc7 Kxc7 36. Rf1 Rxe5+ 37. Kd4 Rd5+ 38. Ke4 f5+ 39. Kf4 b5 40. Re1 Kd6 41. Ke3 Re5+ 42. Kf2 Rxe1 43. Kxe1 b4 0-1

[Event "Natal Potiguar-ch"]
[Site "Natal"]
[Date "2016.02.27"]
[Round "10.2"]
[White "Frankental, David"]
[Black "Pinto, Carlos Henrique Lop"]
[Result "1-0"]
[WhiteElo "1793"]
[BlackElo "2061"]
[PlyCount "101"]
[EventDate "2016.02.19"]
[EventType "tourn"]
[EventRounds "11"]
[EventCountry "BRA"]
[SourceTitle "EXT 2022"]
[Source "ChessBase"]
[SourceDate "2021.10.06"]
[SourceVersion "1"]
[SourceVersionDate "2021.10.06"]
[SourceQuality "1"]

1. d4 Nf6 2. Nc3 d5 3. Nf3 g6 4. Bf4 Bg7 5. e3 0-0 6. g3 Nbd7 7. h4 c5 8. Bg2 Qb6 9. Rb1 e6 10. Na4 Qa5+ 11. c3 Qb5 12. Nxc5 Nxc5 13. dxc5 Qxc5 14. Qd4 Qa5 15. Qb4 Qxa2 16. 0-0 a5 17. Qb5 Qc4 18. Qxc4 dxc4 19. Bc7 Nd5 20. Be5 f6 21. Bd6 Rd8 22. Ba3 e5 23. Nd2 Nxe3 24. fxe3 Rxd2 25. Rbd1 Rxd1 26. Rxd1 Be6 27. Bxb7 Rb8 28. Bd5 Bxd5 29. Rxd5 Bf8 30. Bxf8 Kxf8 31. Rd2 Ke7 32. e4 a4 33. Kf2 Rb3 34. Rc2 f5 35. Kf3 Ke6 36. g4 f4 37. g5 a3 38. bxa3 Rxa3 39. Rc1 Ra2 40. Rb1 Rd2 41. Rb6+ Rd6 42. Rb7 Rd3+ 43. Kf2 Rxc3 44. Rxh7 Re3 45. Rg7 Rxe4 46. Rxg6+ Kd5 47. Rg8 c3 48. g6 Ke6 49. Rf8 Rd4 50. g7 Rd2+ 51. Ke1 1-0

[Event "Natal Potiguar-ch"]
[Site "Natal"]
[Date "2016.02.24"]
[Round "7"]
[White "Azevedo, Alcides Alexandre"]
[Black "Pinto, Carlos Henrique Lop"]
[Result "1-0"]
[WhiteElo "2040"]
[BlackElo "2061"]
[PlyCount "54"]
[EventDate "2016.02.19"]
[EventType "tourn"]
[EventRounds "11"]
[EventCountry "BRA"]
[SourceTitle "CBM 171 Extra"]
[Source "ChessBase"]
[SourceDate "2016.04.26"]
[SourceVersion "1"]
[SourceVersionDate "2016.04.26"]
[SourceQuality "1"]

1. e4 e6 2. d4 d5 3. Nd2 Nc6 4. Ngf3 Nf6 5. e5 Nd7 6. c3 f6 7. Bb5 a6 8. Bxc6 bxc6 9. 0-0 Be7 10. exf6 Bxf6 11. Re1 Qe7 12. Qa4 Qd6 13. b3 0-0 14. Ba3 c5 15. Qa5 Rb8 16. dxc5 Qc6 17. Nd4 Bxd4 18. cxd4 Rf4 19. Qc3 Nf6 20. Qe3 Rf5 21. h3 Qe8 22. g4 Qg6 23. Qg3 Nxg4 24. hxg4 Rg5 25. f3 h5 26. Re5 Rxe5 27. dxe5 Bd7 1-0

[Event "Natal Potiguar-ch"]
[Site "Natal"]
[Date "2016.02.23"]
[Round "6"]
[White "Pinto, Carlos Henrique Lop"]
[Black "Macedo, Maximo Iack Miranda"]
[Result "0-1"]
[WhiteElo "2061"]
[BlackElo "2308"]
[PlyCount "90"]
[EventDate "2016.02.19"]
[EventType "tourn"]
[EventRounds "11"]
[EventCountry "BRA"]
[SourceTitle "CBM 171 Extra"]
[Source "ChessBase"]
[SourceDate "2016.04.26"]
[SourceVersion "1"]
[SourceVersionDate "2016.04.26"]
[SourceQuality "1"]

1. d4 Nf6 2. c4 e6 3. Nf3 d5 4. g3 dxc4 5. Bg2 a6 6. 0-0 Nc6 7. Re1 Bb4 8. Bd2 Be7 9. Bf4 Nd5 10. a4 Rb8 11. b3 Nxf4 12. gxf4 Bb4 13. Rf1 cxb3 14. Qxb3 Bd6 15. e3 0-0 16. Nbd2 Bd7 17. Nc4 b5 18. axb5 axb5 19. Ncd2 Ne7 20. Qc2 h6 21. Ne5 Be8 22. Nb3 f6 23. Nc6 Nxc6 24. Bxc6 Bxc6 25. Qxc6 Qe8 26. Qe4 f5 27. Qf3 b4 28. Kh1 Ra8 29. Rab1 Qb5 30. Rfc1 Qd5 31. Kg2 Rab8 32. Qxd5 exd5 33. Ra1 Kf7 34. Kf3 g5 35. fxg5 hxg5 36. h3 Rg8 37. Kg2 Ra8 38. Kf3 Ke7 39. Rg1 Kf6 40. Rgc1 Ra3 41. Rab1 Ra2 42. Nc5 Rh8 43. Rh1 Rxh3+ 44. Kg2 Rxe3 45. Rxb4 Rg3+ 0-1

[Event "Natal-ch"]
[Site "Natal"]
[Date "2016.02.07"]
[Round "4"]
[White "Moura, Paulo Jorge Alves"]
[Black "Pinto, Carlos Henrique Lop"]
[Result "0-1"]
[WhiteElo "1925"]
[BlackElo "2061"]
[PlyCount "23"]
[EventDate "2016.02.06"]
[EventType "swiss"]
[EventRounds "6"]
[EventCountry "BRA"]
[SourceTitle "CBM 171 Extra"]
[Source "ChessBase"]
[SourceDate "2016.04.26"]
[SourceVersion "1"]
[SourceVersionDate "2016.04.26"]
[SourceQuality "1"]

1. d4 Nf6 2. c4 g6 3. Nc3 Bg7 4. e4 d6 5. g3 0-0 6. Bg2 Nc6 7. Nge2 Rb8 8. a4 Nd7 9. 0-0 e5 10. d5 a5 11. Na2 Na7 12. Be3 0-1

[Event "Natal Academia Potiguar 16th"]
[Site "Natal"]
[Date "2015.11.22"]
[Round "9.4"]
[White "Hiramine, Ricardo Hiroshi Fer"]
[Black "Pinto, Carlos Henrique Lop"]
[Result "1/2-1/2"]
[WhiteElo "1975"]
[BlackElo "2065"]
[PlyCount "139"]
[EventDate "2015.11.13"]
[EventType "tourn"]
[EventRounds "9"]
[EventCountry "BRA"]
[SourceTitle "EXT 2022"]
[Source "ChessBase"]
[SourceDate "2021.10.06"]
[SourceVersion "1"]
[SourceVersionDate "2021.10.06"]
[SourceQuality "1"]

1. d4 Nf6 2. c4 g6 3. Nc3 Bg7 4. e4 d6 5. Nf3 0-0 6. Be2 Na6 7. Be3 e5 8. d5 Nc5 9. Nd2 c6 10. b4 Na6 11. a3 Nc7 12. b5 Bd7 13. b6 axb6 14. Bxb6 Qc8 15. c5 cxd5 16. cxd6 d4 17. Bxc7 dxc3 18. Nc4 Ba4 19. Qb1 c2 20. Qb4 Nd7 21. Nb2 Bh6 22. Nxa4 c1Q+ 23. Rxc1 Bxc1 24. 0-0 Bh6 25. Bb5 Nf6 26. Nb6 Qg4 27. Nxa8 Rxa8 28. Re1 Bf4 29. Be2 Qd7 30. Qxb7 Rxa3 31. Qb8+ Kg7 32. Bd8 h5 33. Be7 Nh7 34. Bb5 Rb3 35. Bxd7 Rxb8 36. Rd1 Bg5 37. f3 Be3+ 38. Kf1 Bd4 39. Bc6 Nf8 40. f4 Ne6 41. d7 f6 42. Bd5 Bc5 43. d8Q Rxd8 44. Bxd8 Nxd8 45. fxe5 fxe5 46. Rc1 Be7 47. Rc7 Kf6 48. Ra7 Nf7 49. Ra6+ Nd6 50. h4 g5 51. g4 gxh4 52. gxh5 Kg5 53. Ra7 Bf6 54. Ra6 Be7 55. Ra7 Bf6 56. Rd7 Nb5 57. Rf7 Nd6 58. Rd7 Nb5 59. Rf7 Nd6 60. Rf8 Be7 61. Rh8 Bf6 62. Rh7 Ne8 63. Bc6 Ng7 64. h6 Ne6 65. Rf7 Nf4 66. h7 Ng6 67. Be8 Nh8 68. Ra7 Kh6 69. Bf7 Kxh7 70. Be6+ 1/2-1/2